Tytuły książek z angielskiego na polski - Statystyki

Ogólne statystyki
  • Ten quiz został rozwiązany 167 razy
  • Średni wynik to 10 z 14
Statystyki odpowiedzi
Book Książka % Poprawnych
Game of Thrones Gra o tron
97%
The Doll Lalka
95%
Macbeth Makbet
86%
The Witcher Wiedźmin
85%
The Lord of the Rings Władca pierścieni
85%
Three Musketeers Trzej muszkieterowie
81%
Crime and Punishment Zbrodnia i kara
76%
The Chronicles of Narnia Opowieści z Narnii
72%
A Christmas Carol Opowieść wigilijna
67%
The Hunger Games Igrzyska śmierci
63%
Animal Farm Folwark zwierzęcy
62%
Mr. Inkblot's Academy Akademia Pana Kleksa
49%
To Kill a Mockingbird Zabić drozda
45%
A Dog's Purpose Był sobie pies
11%
Nie znaleziono quizów pasujących do podanych kryteriów
Rozkład punktacji
Procent ludzi z każdym wynikiem
Percentyl według liczby udzielonych odpowiedzi
Twoja historia wyników
Nie rozwiązałeś tego quizu